University Home | Library Home | Institutional Repository

Cell and tissue culture. (Record no. 53320)

MARC details
000 -LEADER
fixed length control field 00743cam6a220025300 4500
001 - CONTROL NUMBER
control field lce00574078
008 - FIXED-LENGTH DATA ELEMENTS--GENERAL INFORMATION
fixed length control field 850620s1965 mdua b 000 0 eng
010 ## - LIBRARY OF CONGRESS CONTROL NUMBER
LC control number 65008046 //r85
035 ## - SYSTEM CONTROL NUMBER
System control number (Sirsi) r65391
035 ## - SYSTEM CONTROL NUMBER
System control number (DLC) 65008046 //r85
035 ## - SYSTEM CONTROL NUMBER
System control number (UPRA)lce00574078
040 ## - CATALOGING SOURCE
Original cataloging agency DLC/ICU
Transcribing agency ICU
Modifying agency UPRA
050 0# - LIBRARY OF CONGRESS CALL NUMBER
Classification number QP88
Item number .P36 1965
082 0# - DEWEY DECIMAL CLASSIFICATION NUMBER
Classification number 574.19
100 1# - MAIN ENTRY--PERSONAL NAME
Personal name Paul, John, 1922-
Dates associated with a name Paul, John, 1922-
Linkage A13326.1
245 10 - TITLE STATEMENT
Title Cell and tissue culture.
250 ## - EDITION STATEMENT
Edition statement 3rd ed.
260 ## - PUBLICATION, DISTRIBUTION, ETC.
Place of publication, distribution, etc. Baltimore :
Name of publisher, distributor, etc. Williams and Wilkins,
Date of publication, distribution, etc. 1965.
504 ## - BIBLIOGRAPHY, ETC. NOTE
Bibliography, etc. note Includes bibliographies.
650 #0 - SUBJECT ADDED ENTRY--TOPICAL TERM
Topical term or geographic name entry element Cell culture.
Linkage S9059.1
650 #0 - SUBJECT ADDED ENTRY--TOPICAL TERM
Topical term or geographic name entry element Tissue culture.
Linkage S9045.1
949 ## - LOCAL PROCESSING INFORMATION (OCLC)
a QP88
w LC
i -87378
m MEDICAL
t BOOK
l ON-SHELF

No items available.

© 2026 - The University of Zambia Library - Koha v25.11